00601nam a22002057a 4500003000500000005001700005008004100022010001000063011001000073035001000083040000900093100002400102245006400126260004300190300001800233490004000251650002800291650003600319830004000355CHAP20220329135212.0971013s1975 r 00010 d a32524 a33496 a37611 cCHAP00aMatlock, W. Gerard. aTen years in Brazilb: a case study of institution building a(s.l.) :bUniversity of Arizona,c1975 a42 p.b: ilus aFinal Report of Contract AID/la-14514aEducación agrícola.14aEducación agrícolaxBrasil.0 aFinal Report of Contract AID/la-145